Vervollständige die Lyrics von "We Will Rock You" von Queen - Statistiken

Allgemein
  • Dieses Quiz wurde 110 mal gespielt
  • Das Durchschnittsergebnis liegt bei 8 aus 15
Antwortstatistiken
Hint Antwort % Korrekt
You got mud on your ... , you big disgrace face
91%
... ... , we will rock you We will
84%
You got ... on your face, big disgrace mud
76%
We will, we will rock you, ... it sing
58%
We will, we will rock you, ... it sing
58%
You got ... on your face, you big disgrace blood
53%
Buddy, you're a ... , make a big noise boy
53%
... your can all over the place, singin' Kicking
52%
Buddy, you're an ... ... , poor man old man
50%
Buddy, you're a ... ... , hard man young man
45%
Somebody better put you back into ... ... your place
43%
... in the street, gonna be a big man someday Playing
41%
... your banner all over the place Waving
36%
... in the street, gonna take on the world someday Shouting
26%
... with your eyes, gonna make you some peace someday Pleading
14%
Keine übereinstimmenden Quizze gefunden
Verteilung der Resultate
Anzahl Personen mit jedem Resultat
Perzentil nach korrekt beantworteten Fragen
Ihre Resultats-Entwicklung
Sie haben dieses Quiz noch nicht gespielt